00422pab a2200133 454500008004000000100002800040245011700068260000900185300001500194362000800209650001800217700001900235773003400254180718b2014 xxu||||| |||| 00| 0 eng d aPathardikar, Avinash D. aCan visionary leaders be role model for collaborative style of conflict handling among term in IT organizations? c2014 ap.103-120. aFeb aOrganizations aSahu, Sangeeta aManagement and Labour Studies